000 00484nam a2200181Ia 4500
008 100917s9999 xx 000 0 und d
082 _b44302
100 _aकाटे श्रीकांत
245 _aपाउलखुणा
260 _bनेत्रा प्रकाशन
_c1980
300 _a121
365 _b12
520 _aकथा
630 _aपाउलखुणा
650 _aकथा
730 _aपाउलखुणा
942 _cBOOK
999 _c649696
_d649693